| 000 | 01194ntaaa2200229 4500 | ||
|---|---|---|---|
| 003 | 01 | ||
| 005 | 20251027203337.0 | ||
| 008 | 0714s1973 ag 01 | ||
| 040 |
_aAR-BaBN _bspa _cAR-BaBN _eaacr _dRIC |
||
| 100 |
_aBach, Johann Sebastian _d1685-1750 |
||
| 245 |
_aConcierto para clave y orquesta de arcos en re menor BWV 1052 ; Concierto para clave y orquesta de arcos en fa menor BWV 1056 ; Concierto para cuatro claves y orquesta de arcos en la menor BWV 1065 / _cJohann Sebastian Bach |
||
| 260 |
_aBuenos Aires : _bViscontea [distribuidor], _cc1979 |
||
| 300 |
_a1 disco son. (ca. 45 min.) ; _canalógico, 33 1/3 rpm, estereo ; 12 plg. |
||
| 490 |
_aLos grandes músicos ; _v39 |
||
| 500 | _aTítulo tomado del fascículo complementario | ||
| 500 | _aMartin Galling, clave ; Bach Collegium de Stuttgart, Helmuth Rilling, director | ||
| 500 | _aMartin Galling, Hedwig Bilgram, Franz Lehrndorfer, Kurt-Heinz Stolze, claves ; Orquesta de Cámara de Maguncia, Günter Kehr, director | ||
| 500 | _aFabricado por: CBS. Licencia de: Vox-Turnabout-MMG (The Moss Music Group) | ||
| 500 | _aDuraciones: 23 min., 55 seg. ; 10 min., 55 seg. ; 10 min., 7 seg. | ||
| 650 | _aMUSICA | ||
| 942 | _cBK | ||
| 999 |
_c28957 _d28957 |
||